header

Military leadership and counterinsurgency (Record no. 197711)

MARC details
000 -LEADER
fixed length control field 01369nam a2200325 a 4500
100 1# - MAIN ENTRY--AUTHOR NAME
Personal name Nolan, Victoria.
245 10 - TITLE STATEMENT
Title Military leadership and counterinsurgency
260 ## - PUBLICATION, DISTRIBUTION, ETC. (IMPRINT)
Place of publication London :
Name of publisher I.B. Tauris,
Year of publication 2012.
300 ## - PHYSICAL DESCRIPTION
Number of Pages x, 306 p.
490 1# - SERIES STATEMENT
Series statement International library of security studies ;
650 #0 - SUBJECT ADDED ENTRY--TOPICAL TERM
Topical Term Counterinsurgency
856 40 - ELECTRONIC LOCATION AND ACCESS
Uniform Resource Identifier http://site.ebrary.com/lib/rucke/Doc?id=10554345

No items available.

© 2026 Rongo University
Contact us: librarian | system librarian | Rongo university